Words - Statistics

General Stats
  • This quiz has been taken 26 times
  • The average score is 9 of 26
Answer Stats
Hint Answer % Correct
D Dog
100%
B Board
50%
C Car
50%
C Cow
50%
C Cup
50%
P Pencil
50%
T Toronto
50%
V Van
50%
B Bandaid
25%
B Book
25%
B Bottle
25%
C Chair
25%
D Door
25%
F Frog
25%
G Garbage
25%
H Hair
25%
H Hammer
25%
H Horn
25%
H House
25%
L Laptop
25%
M Marker
25%
N Nail
25%
P Phone
25%
T Triangle
25%
W Water
25%
W Window
25%
No matching quizzes found
Score Distribution
Percent of People with Each Score
Percentile by Number Answered
Your Score History
You have not taken this quiz